000 01083cam a2200313 a 4500
001 000008238
003 DO-SdBPM
005 20250916124340.0
007 ta
008 001206s1990 pr a 000 0dspa d
020 _a084773238X
040 _aDO-SdBPM
_bspa
_cBPMSU
_erda
_d
082 4 _aPR861.6
_bL181k 1990
_222
100 1 _aCosta, Marithelma
_eautor
245 1 0 _aKaligrafiando :
_bconversaciones con clemente Soto Vélez /
_cMarithelma Costa, Elvin Joaquín Figueroa
260 _c
264 _aSan Juan, Puerto Rico :
_bEditorial de la Universidad de Puerto Rico,
_c1990
300 _aXV, 155 páginas ;
_c21 cm.
336 _atexto
_btxt
_2rdacontent
337 _asin mediación
_bn
_2rdamedia
338 _avolumen
_bnc
_2rdacarrier
590 _aInventariado, 2025/ VM
600 1 4 _aSoto Vélez, Clemente,
_d1905-1993
_vEntrevista
650 7 _aAutores puertorriqueños
_vEntrevistas
650 7 _aPoesía puertorriqueña.
_v
700 1 _aFigueroa, Elvin Joaquín
_eautor
910 _a VMateo V. Contrlo de calidad. / BPMSU
942 _2ddc
_cBK
999 _c15398
_d15398